Les cheveux blancs : Roman

Enregistré dans:
Détails bibliographiques
Auteur principal: Furui, Yoshikichi
Format: Livre
Langue:Undetermined
Publié: Paris Seuil 2008
Sujets:
Tags: Ajouter un tag
Pas de tags, Soyez le premier à ajouter un tag!
Thư viện lưu trữ: Trung tâm Học liệu Trường Đại học Cần Thơ
LEADER 00564nam a2200205Ia 4500
001 CTU_155839
008 210402s9999 xx 000 0 und d
020 |c 23.00 
082 |a 895.634 
082 |b F983 
100 |a Furui, Yoshikichi 
245 0 |a Les cheveux blancs : 
245 0 |b Roman 
245 0 |c Yoshikichi Furui ; traduit: Véronique Perrin 
260 |a Paris 
260 |b Seuil 
260 |c 2008 
650 |a Japanese fiction,Tiểu thuyết Nhật bản 
904 |i H. Mai 
980 |a Trung tâm Học liệu Trường Đại học Cần Thơ